000 01103cab a2200241 4500
001 ABS67682
008 040331n2004 000 0 eng u
035 _a(Sirsi) u125695
100 _aCrowther, J.
245 _aManaging risks on contaminated land
260 _c2004
490 _aCivil Engineering Surveyor
_v March 2004, 26-29(4)
520 _aLooks at how the implementation of the EU landfill directive (Directive 99/31/EC), which comes into force in July 2004, will drastically reduce the number of landfill sites for disposing of hazardous waste. Uses an example in Ireland to illustrate how contaminated land can be managed. Table highlights the specific areas which require risk management and suggests a risk register could now be used as a means of trying to assess and quantify the risks.
590 _aABS
650 _aIRELAND
650 _aDIRECTIVE 99/31/EC
650 _aLANDFILL WASTE
650 _aCONTAMINATED LAND
650 _aWASTE MANAGEMENT LICENCES
650 _aHAZARDOUS WASTE
690 _aENVIRONMENTAL AND LAND CONSULTANCY-WASTE MANAGEMENT
942 _n0
999 _c74335
_d74335